000 00252nam a22000857a 4500
008 160706b xxu||||| |||| 00| 0 eng d
100 _92368
_a Khanna, K.K
245 _aThe Microscope: A Practical Guide
260 _aNew Delhi
_b World Health Organisation
_c1999
999 _c2045
_d2045